| 000 | 00604nam a22001937a 4500 | ||
|---|---|---|---|
| 005 | 20140903123040.0 | ||
| 010 | _aENG-110706 | ||
| 020 |
_a9788120349797 _c325.00 |
||
| 035 | _aEN-94238 | ||
| 037 | _bDBAD/PUB | ||
| 082 | _a621.317 | ||
| 100 | _aBhide, S.R. | ||
| 245 |
_aDigital power system protection / _cby S.R. Bhide |
||
| 260 |
_aDelhi _bPHI Learning _c2014 |
||
| 270 |
_aRimjhim House, 111, Patparganj Industrial Estate _bDelhi _e110092 |
||
| 300 |
_axii,259p. : _c24cm(pbk) _bill. |
||
| 500 | _aIncludes bibliographical references and index | ||
| 942 |
_2ddc _cEN _mBHI _h621.317 |
||
| 999 |
_c88250 _d88250 |
||